The Infinity Stones - Statistics

General Stats
  • This quiz has been taken 49 times
  • The average score is 5 of 6
Answer Stats
Picture Answer % Correct
Time Stone
100%
Power Stone
95%
Soul Stone
90%
Mind Stone
88%
Space Stone
88%
Reality Stone
76%
No matching quizzes found
Score Distribution
Percent of People with Each Score
Percentile by Number Answered
Your Score History
You have not taken this quiz